Microsoft Powepoint 97
Descripción Física:
182 pàgines ; 30 cm + 1 disc de pràctiques
Colección:
Manuals d'Ofimàtica
Materias:
Microsoft PowerPoint (Fitxer informàtic)
; Programari
; Informàtica -- Manuals, guies, etc.
Idioma:
Catalán
MARC
| LEADER | 00000nam a2200000 a 4500 | ||
|---|---|---|---|
| 001 | 26765 | ||
| 008 | 220908s2000 spa||||| |||| 00| 0 cat d | ||
| 017 | |a DL B-24214-2000 | ||
| 080 | |a Bib-950 | ||
| 245 | |a Microsoft Powepoint 97 | ||
| 246 | 1 | 2 | |a Microsoft Powepoint 1997 |
| 250 | |a 1a edició | ||
| 260 | |a Barcelona : |b Diputació de Barcelona. Servei de Formació Local, |c maig del 2000 | ||
| 300 | |a 182 pàgines ; |c 30 cm + |e 1 disc de pràctiques | ||
| 490 | |a Manuals d'Ofimàtica | ||
| 590 | |a A la contracoberta: Pla de Formació municipal | ||
| 630 | 0 | 0 | |9 54409 |a Microsoft PowerPoint (Fitxer informàtic) |
| 650 | 0 | |a Programari |9 46390 |2 Arxiu | |
| 650 | 0 | |a Informàtica |x Manuals, guies, etc. |9 47786 |2 Arxiu | |
| 710 | |a Barcelona (Catalunya : Província). |b Servei de Formació Local |9 53659 | ||
| 901 | |a Arxiu | ||
| 942 | |n 1 |2 udc |c ARXIU | ||
| 952 | |0 0 |1 0 |4 0 |6 BIB950 |7 1 |9 63853 |a Arxiu |b Arxiu |d 2022-09-08 |l 0 |o Bib-950 |p 26765 |r 2022-09-08 00:00:00 |w 2022-09-08 |y ARXIU | ||
| 999 | |c 82655 |d 82655 | ||